| 000 | 00360nam a22001457a 4500 | ||
|---|---|---|---|
| 005 | 20240603144426.0 | ||
| 008 | 240603b |||||||| |||| 00| 0 eng d | ||
| 041 | _aeng | ||
| 100 |
_aMUKHERJEE, P.K _98429 |
||
| 245 | _aCODE OF CRIMINAL PROCEDURE 1973 | ||
| 260 |
_aALLAHABAD _bCENTRAL LAW PUBLICATION _c2005 |
||
| 300 | _a2.124;P | ||
| 650 | _aLAW | ||
| 942 | _cBK | ||
| 999 |
_c8521 _d8519 |
||